[Event "Skakligaen"]
[Site "Danmark"]
[Date "2018.11.18"]
[Round "3.6"]
[White "Skjoldager, Per"]
[Black "Nordenbaek, Jan"]
[Result "1/2-1/2"]
[WhiteElo "2049"]
[BlackElo "2188"]
[EventDate "2018.10.27"]
[EventType "team-tourn"]
[EventRounds "9"]
[EventCountry "Danmark"]
[WhiteTeam "Evans"]
[BlackTeam "Hillerod"]
[WhiteTeamCountry "DEN"]
[BlackTeamCountry "DEN"]
[WhiteFideId "1408828"]
[BlackFideId "1401475"]

1. e4 c5 2. c3 Nf6 3. e5 Nd5 4. d4 cxd4 5. cxd4 d6 6. Bc4 Nb6 7. Bb5+ Bd7 8. e6 fxe6 9. Bd3 g6 10. h4 Bg7 11. h5 Bc6 12. Qg4 Kd7 13. Nc3 Na6 14. a3 Nc7 15. Nge2 Qg8 16. Bd2 gxh5 17. Rxh5 Bf6 18. Qxg8 Raxg8 19. g3 Bf3 20. Rh6 a6 21. O-O-O Rg4 22. Re1 Ncd5 23. Nf4 Nxf4 24. Bxf4 Nd5 25. Nxd5 Bxd5 26. Be2 Rgg8 27. Be3 Be4 28. Kd2 Rg6 29. Rh2 e5 30. dxe5 Bxe5 31. Bh5 Rgg8 32. Rh4 Bc6 33. Bd4 Bxd4 34. Rxd4 Rg5 35. Bg4+ Kd8 36. Re3 e5 37. Rxd6+ Kc7 38. Rxc6+ bxc6 39. Bf3 Rd8+ 40. Ke2 Rd6 41. Rc3 Rf6 42. Be4 h6 43. b4 Rg7 44. Rc5 Re6 45. Bf5 Rd6 46. Be4 Re7 47. g4 Kb6 48. f3 a5 49. Rxa5 Ra7 50. Rxe5 Rxa3 51. Rc5 Rb3 52. Rc4 Kb5 53. Rc5+ Kxb4 54. Rxc6 Rxc6 55. Bxc6 Kc5 56. Be4 Kd4 57. Kf2 Ke5 58. Kg3 Rb2 59. Bc6 Rb4 60. Be4 Rd4 61. Bc6 Rf4 62. Be4 Rf6 63. Bf5 Ra6 64. Be4 Kd4 65. Kf4 Rf6+ 66. Bf5 Rf8 67. Kg3 Ke3 68. Be4 Rc8 69. Bb7 Rc1 70. Be4 Rg1+ 71. Kh4 Rh1+ 72. Kg3 Rf1 73. Kh4 Rh1+ 74. Kg3 Rg1+  1/2-1/2

[Event "Skakligaen"]
[Site "Danmark"]
[Date "2018.11.18"]
[Round "3.7"]
[White "Svenninggaard, Thomas"]
[Black "Sorensen, Ivan"]
[Result "1/2-1/2"]
[WhiteElo "2124"]
[BlackElo "2035"]
[EventDate "2018.10.27"]
[EventType "team-tourn"]
[EventRounds "9"]
[EventCountry "Danmark"]
[WhiteTeam "Hillerod"]
[BlackTeam "Evans"]
[WhiteTeamCountry "DEN"]
[BlackTeamCountry "DEN"]
[WhiteFideId "1406302"]
[BlackFideId "1436651"]

1. e4 e6 2. d4 d5 3. exd5 exd5 4. Bd3 Bd6 5. c3 Ne7 6. Qc2 Bg4 7. Ne2 Qd7 8. Bg5 Bf5 9. Bxe7 Bxd3 10. Qxd3 Qxe7 11. Nd2 c6 12. O-O-O Nd7 13. Ng3 O-O-O 14. Nf5 Qf6 15. Nxd6+ Qxd6 16. Rde1 h6 17. g3 Rde8 18. Re3 Rxe3 19. fxe3 Nf6 20. Qf5+  1/2-1/2

[Event "Skakligaen"]
[Site "Danmark"]
[Date "2018.11.18"]
[Round "3.8"]
[White "Firooznia, Farzam"]
[Black "Andersen, Ib Hother"]
[Result "1/2-1/2"]
[WhiteElo "2104"]
[BlackElo "2155"]
[EventDate "2018.10.27"]
[EventType "team-tourn"]
[EventRounds "9"]
[EventCountry "Danmark"]
[WhiteTeam "Evans"]
[BlackTeam "Hillerod"]
[WhiteTeamCountry "DEN"]
[BlackTeamCountry "DEN"]
[WhiteFideId "1439154"]
[BlackFideId "1407210"]

1. e4 e5 2. d4 exd4 3. Nf3 Nc6 4. Nxd4 Nf6 5. Nxc6 bxc6 6. e5 Qe7 7. Qe2 Nd5 8. c4 Nb6 9. Nc3 Qe6 10. Qe4 g6 11. f4 Bg7 12. Be2 O-O 13. O-O d5 14. exd6 Bxc3 15. Qxe6 Bxe6 16. bxc3 cxd6 17. c5 dxc5 18. Ba3 Na4 19. Rfc1 Rfd8 20. Bd1 Nb6 21. Bxc5 Rd2 22. Bf3 Bd5 23. Rf1 Rd8 24. Bd4 Re8 25. Rae1 Rxe1 26. Rxe1 Kf8 27. Bc5+ Kg7 28. Bd4+ Kf8 29. Bc5+ Kg7 30. Bd4+ Kf8  1/2-1/2

[Event "Skakligaen"]
[Site "Danmark"]
[Date "2018.12.09"]
[Round "4.1"]
[White "Jepson, Christian"]
[Black "Tari, Aryan"]
[Result "0-1"]
[WhiteElo "2391"]
[BlackElo "2613"]
[EventDate "2018.10.27"]
[EventType "team-tourn"]
[EventRounds "9"]
[EventCountry "Danmark"]
[WhiteTeam "Nordkalotten"]
[BlackTeam "Koge"]
[WhiteTeamCountry "DEN"]
[BlackTeamCountry "DEN"]
[WhiteFideId "1701185"]
[BlackFideId "1510045"]

1. d4 Nf6 2. c4 g6 3. Nc3 d5 4. cxd5 Nxd5 5. Bd2 Nb6 6. Bg5 Bg7 7. e3 c5 8. dxc5 Bxc3+ 9. bxc3 Qxd1+ 10. Rxd1 N6d7 11. Bb5 Nc6 12. Rd5 f6 13. Bf4 a6 14. Ba4 e6 15. Rd1 Nxc5 16. Bc2 e5 17. Bh6 Ke7 18. e4 Be6 19. Be3 b6 20. Rb1 Kd6 21. Nf3 Rhb8 22. a4 Na5 23. Nd2 Nc4 24. Nxc4+ Bxc4 25. Kd2 Kc6 26. Rhd1 Rd8+ 27. Ke1 a5 28. f3 Rab8 29. Rxd8 Rxd8 30. Rd1 Rxd1+ 31. Kxd1 Bb3 32. Bh6 Bxa4 33. Bxa4+ Nxa4 34. Bg7 Nxc3+ 35. Kd2 Nb5 36. Bxf6 Kd6 37. g3 Nd4 38. f4 Ke6 39. Bd8 b5 40. Kd3 a4 41. Bc7 Nc6 42. fxe5 b4  0-1

[Event "Skakligaen"]
[Site "Danmark"]
[Date "2018.12.09"]
[Round "4.3"]
[White "Brynell, Stellan"]
[Black "Chatalbashev, Boris"]
[Result "1/2-1/2"]
[WhiteElo "2403"]
[BlackElo "2525"]
[EventDate "2018.10.27"]
[EventType "team-tourn"]
[EventRounds "9"]
[EventCountry "Danmark"]
[WhiteTeam "Nordkalotten"]
[BlackTeam "Koge"]
[WhiteTeamCountry "DEN"]
[BlackTeamCountry "DEN"]
[WhiteFideId "1700219"]
[BlackFideId "2900440"]

1. d4 g6 2. e4 Bg7 3. Nf3 d6 4. Bc4 Nf6 5. Qe2 O-O 6. e5 dxe5 7. dxe5 Nd5 8. O-O c6 9. h3 Be6 10. Ng5 Nd7 11. Nxe6 fxe6 12. f4 Qb6+ 13. Kh1 Rf5 14. Bd3 Nxf4 15. Bxf4 Rxf4 16. Nd2 Qxb2 17. Rab1 Rxf1+ 18. Qxf1 Qxe5 19. Rxb7 Nc5 20. Rxe7 Rf8 21. Nf3 Qg3 22. Bc4 Be5 23. Bxe6+ Nxe6 24. Qc4 Kh8 25. Qxe6 Bd6 26. Rf7 Rxf7 27. Qxf7  1/2-1/2

[Event "Skakligaen"]
[Site "Danmark"]
[Date "2018.12.09"]
[Round "4.4"]
[White "Rozentalis, Eduardas"]
[Black "Sylvan, Jacob"]
[Result "1-0"]
[WhiteElo "2539"]
[BlackElo "2330"]
[EventDate "2018.10.27"]
[EventType "team-tourn"]
[EventRounds "9"]
[EventCountry "Danmark"]
[WhiteTeam "Koge"]
[BlackTeam "Nordkalotten"]
[WhiteTeamCountry "DEN"]
[BlackTeamCountry "DEN"]
[WhiteFideId "12800023"]
[BlackFideId "1402137"]

1. e4 c5 2. Nf3 e6 3. c3 Nf6 4. e5 Nd5 5. Bc4 d6 6. O-O dxe5 7. Nxe5 Bd6 8. d4 O-O 9. Re1 Qc7 10. Na3 a6 11. Bd3 cxd4 12. cxd4 b5 13. Qh5 g6 14. Qh4 Nd7 15. Bh6 Re8 16. Rac1 Qd8 17. Qg3 Nxe5 18. dxe5 Bf8 19. Bxf8 Rxf8 20. Nc2 Bb7 21. h4 Rc8 22. Rcd1 Qe7 23. Be4 Nb6 24. Nd4 Bxe4 25. Rxe4 Rfd8 26. h5 Na4 27. Rd2 Nb6 28. Rg4 Nc4 29. Re2 Kg7 30. Qf3 Na5 31. b3 Rc1+ 32. Kh2 Rd1 33. Ree4 Ra1 34. b4 Rxd4 35. Rxd4 Nc4 36. Qf4  1-0

[Event "Skakligaen"]
[Site "Danmark"]
[Date "2018.12.09"]
[Round "4.5"]
[White "Hove, Esben Kjems"]
[Black "Tikkanen, Hans"]
[Result "1/2-1/2"]
[WhiteElo "2315"]
[BlackElo "2510"]
[EventDate "2018.10.27"]
[EventType "team-tourn"]
[EventRounds "9"]
[EventCountry "Danmark"]
[WhiteTeam "Nordkalotten"]
[BlackTeam "Koge"]
[WhiteTeamCountry "DEN"]
[BlackTeamCountry "DEN"]
[WhiteFideId "1401505"]
[BlackFideId "1706446"]

1. d4 Nf6 2. Nf3 g6 3. g3 Bg7 4. Bg2 O-O 5. O-O d6 6. c4 c6 7. Nc3 Nbd7 8. h3 e5 9. dxe5 dxe5 10. Be3 Qc7 11. Qc1 Re8 12. Rd1 a5 13. Nd2 Bf8 14. Na4 b6 15. Nb3 Ba6 16. Qc2 Rab8 17. Rac1 Re6 18. c5 b5 19. Nb6 a4 20. Nxd7 Nxd7 21. Nd2 Nf6 22. Nf3 h6 23. Ne1 b4 24. Qxa4 Bxe2 25. Rd2 Bb5 26. Qxb4 Qa7 27. Qb3 Bf1 28. Qb6 Qxb6 29. cxb6 Bxg2 30. Kxg2 Nd5 31. Bc5 Bxc5 32. Rxc5 Rxb6 33. b3 Kf8 34. Nc2 Ke7 35. Ra5 f5 36. Ne3 Nxe3+ 37. fxe3 Rb7 38. Kf2 Rd7 39. Rc2 Rd1 40. Ra7+ Kd8 41. Ra5 Kc7 42. Rac5 e4 43. b4 Kb6 44. a4 Red6 45. a5+ Kb7 46. b5 cxb5 47. Rxb5+ Ka6 48. Rbc5  1/2-1/2

[Event "Skakligaen"]
[Site "Danmark"]
[Date "2018.12.09"]
[Round "4.6"]
[White "Ahlander, Bjorn"]
[Black "Schmidt, Kristen"]
[Result "1-0"]
[WhiteElo "2426"]
[BlackElo "2225"]
[EventDate "2018.10.27"]
[EventType "team-tourn"]
[EventRounds "9"]
[EventCountry "Danmark"]
[WhiteTeam "Koge"]
[BlackTeam "Nordkalotten"]
[WhiteTeamCountry "DEN"]
[BlackTeamCountry "DEN"]
[WhiteFideId "1700251"]
[BlackFideId "1400436"]

1. d4 Nf6 2. c4 g6 3. Nc3 Bg7 4. e4 d6 5. Nf3 O-O 6. Be2 e5 7. O-O Na6 8. Be3 Ng4 9. Bg5 f6 10. Bh4 c6 11. d5 c5 12. Ne1 Nh6 13. a3 g5 14. Bg3 f5 15. f3 g4 16. f4 fxe4 17. fxe5 Nf5 18. Nxe4 Nxg3 19. Rxf8+ Qxf8 20. Nxg3 Bxe5 21. Nd3 Bd4+ 22. Kh1 Qg7 23. Qd2 Bd7 24. Rf1 Qg6 25. Bd1 Re8 26. Bc2 Be3 27. Qd1 Qg5 28. Nf2 Bf4 29. Nge4 Qg7 30. g3 Be5 31. Nd3 Rf8 32. Nxe5 Qxe5 33. Rxf8+ Kxf8 34. Qd2 Kg7 35. Nf2 Qf6 36. Kg2 Nc7 37. Qd3 Qh6 38. Qe4 Kf8 39. Qxh7 Qxh7 40. Bxh7 b5 41. b3 Kg7 42. Bd3 Kf6 43. Be2 Ke5 44. Nxg4+ Kd4 45. Nf6 Bc8 46. g4 a5 47. cxb5 a4 48. bxa4 c4 49. Kf2 c3 50. Ke1 Ke3 51. Bd1 Bb7 52. g5 Nxd5 53. Nxd5+ Bxd5 54. g6  1-0

[Event "Skakligaen"]
[Site "Danmark"]
[Date "2018.12.09"]
[Round "4.7"]
[White "Nielsen, Lars Aaes"]
[Black "Antonsen, Mikkel"]
[Result "1-0"]
[WhiteElo "2229"]
[BlackElo "2435"]
[EventDate "2018.10.27"]
[EventType "team-tourn"]
[EventRounds "9"]
[EventCountry "Danmark"]
[WhiteTeam "Nordkalotten"]
[BlackTeam "Koge"]
[WhiteTeamCountry "DEN"]
[BlackTeamCountry "DEN"]
[WhiteFideId "1401726"]
[BlackFideId "1401378"]

1. e4 e5 2. Nf3 Nc6 3. d4 exd4 4. Bc4 Bc5 5. c3 Nf6 6. cxd4 Bb4+ 7. Bd2 Nxe4 8. Bxb4 Nxb4 9. Bxf7+ Kxf7 10. Qb3+ Kf8 11. Qxb4+ Qe7 12. Qxe7+ Kxe7 13. O-O Nf6 14. Re1+ Kd8 15. Nc3 d6 16. Ng5 Rf8 17. f3 Bf5 18. g4 Bd7 19. Kg2 h6 20. Ne6+ Bxe6 21. Rxe6 Kd7 22. Rae1 Rae8 23. Rxe8 Rxe8 24. Rxe8 Nxe8 25. Kg3 c6 26. f4 g6 27. f5 gxf5 28. gxf5 Ke7 29. Kf4 Nf6 30. a3 a5 31. b4 axb4 32. axb4 b6 33. h3 Kd7 34. Ke3 Ke7 35. Kf4 Kd7 36. Ke3 Ne8 37. d5 c5 38. b5 Nf6 39. Kf4 Ke7 40. Ke3 Nd7 41. Ke4 c4 42. Kd4 Kf6 43. Ne4+ Kxf5 44. Nxd6+ Kf4 45. Nxc4 h5 46. d6 h4 47. Nxb6 Nxb6 48. Kc5 Nd7+ 49. Kc6 Ne5+ 50. Kc7 Kg3 51. b6  1-0

[Event "Skakligaen"]
[Site "Danmark"]
[Date "2018.12.09"]
[Round "4.1"]
[White "Andersen, Mads"]
[Black "Thybo, Jesper Sondergaard"]
[Result "1-0"]
[WhiteElo "2599"]
[BlackElo "2525"]
[EventDate "2018.10.27"]
[EventType "team-tourn"]
[EventRounds "9"]
[EventCountry "Danmark"]
[WhiteTeam "Skanderborg"]
[BlackTeam "Jetsmark"]
[WhiteTeamCountry "DEN"]
[BlackTeamCountry "DEN"]
[WhiteFideId "1413864"]
[BlackFideId "1438832"]

1. c4 c5 2. Nf3 Nf6 3. Nc3 d5 4. cxd5 Nxd5 5. g3 Nc6 6. Bg2 Nxc3 7. bxc3 e5 8. O-O Be7 9. d3 O-O 10. Rb1 Rb8 11. Nd2 Qc7 12. Nc4 b5 13. Ne3 Be6 14. Nd5 Qd7 15. c4 bxc4 16. Rxb8 Rxb8 17. dxc4 Bf8 18. Qd2 f5 19. Rd1 Qf7 20. Bb2 g6 21. Nf6+ Qxf6 22. Bxc6 Bg7 23. Bd5 Qf7 24. Ba3 Bxd5 25. cxd5 c4 26. d6 e4 27. d7 Bf6 28. Bb4 Bd8 29. Bc3 Rb7 30. Qd4 Kf8 31. Qc5+ Qe7 32. Qd5 Rb6 33. Qxc4 Qe6 34. Qc8 Ke7 35. Qc5+ Kf7 36. Qd4 Ke7 37. Bb4+ Kf7 38. Ba5 Rb8 39. Bc3 Ke7 40. Qg7+  1-0

[Event "Skakligaen"]
[Site "Danmark"]
[Date "2018.12.09"]
[Round "4.2"]
[White "Rasmussen, Allan Stig"]
[Black "Ochsner, Bjorn Moller"]
[Result "1-0"]
[WhiteElo "2547"]
[BlackElo "2483"]
[EventDate "2018.10.27"]
[EventType "team-tourn"]
[EventRounds "9"]
[EventCountry "Danmark"]
[WhiteTeam "Jetsmark"]
[BlackTeam "Skanderborg"]
[WhiteTeamCountry "DEN"]
[BlackTeamCountry "DEN"]
[WhiteFideId "1406000"]
[BlackFideId "1416928"]

1. c4 e5 2. g3 Nc6 3. Bg2 Bc5 4. Nc3 a6 5. Nf3 Ba7 6. e3 d6 7. d4 Nge7 8. dxe5 dxe5 9. Qxd8+ Kxd8 10. b3 f6 11. Ba3 Bd7 12. Nd2 Kc8 13. Nd5 Re8 14. Ne4 a5 15. Rc1 f5 16. Nec3 Nxd5 17. cxd5 Nb4 18. O-O Kb8 19. Rfd1 Bc5 20. Bf1 Bd6 21. Bb5 Rd8 22. Rd2 Bc8 23. Bb2 g6 24. e4 fxe4 25. Nxe4 Nxa2 26. Rc4 Nb4 27. Nxd6 cxd6 28. f4 Bd7 29. Bxd7 Rxd7 30. fxe5 dxe5 31. Bxe5+ Ka7 32. Rxb4 axb4 33. Ra2+ Kb6 34. Rxa8 Rxd5 35. Bf6 Rd3 36. Kf2 Rxb3 37. Ke2 Kb5 38. Ra7 Kc6 39. Ra2 Kd5 40. Rb2 Rxb2+ 41. Bxb2 Ke4 42. h4 b3 43. Ba3 b5 44. Kd2  1-0

[Event "Skakligaen"]
[Site "Danmark"]
[Date "2018.12.09"]
[Round "4.3"]
[White "Bjerre, Jonas Buhl"]
[Black "Jensen, Bjarke"]
[Result "1-0"]
[WhiteElo "2463"]
[BlackElo "2328"]
[EventDate "2018.10.27"]
[EventType "team-tourn"]
[EventRounds "9"]
[EventCountry "Danmark"]
[WhiteTeam "Skanderborg"]
[BlackTeam "Jetsmark"]
[WhiteTeamCountry "DEN"]
[BlackTeamCountry "DEN"]
[WhiteFideId "1444948"]
[BlackFideId "1403702"]

1. e4 c6 2. d4 d5 3. e5 Bf5 4. Nd2 c5 5. dxc5 Nc6 6. Ngf3 e6 7. Nb3 Bg4 8. Bb5 Bxc5 9. Bxc6+ bxc6 10. Nxc5 Qa5+ 11. Qd2 Qxc5 12. Nd4 Ne7 13. O-O Bh5 14. a4 a6 15. Nb3 Qc4 16. Na5 Qh4 17. Ra3 Bg6 18. Qg5 Qb4 19. Bd2 Qxb2 20. Rb3 Qxc2 21. Rb7 Nc8 22. Bb4 c5 23. Rc1 Qf5 24. Qxf5 Bxf5 25. Bxc5 d4 26. Rc7 Be4 27. Bb4 Nb6 28. Re7+ Kd8 29. Rxf7 Rc8 30. Rd1 Bd5 31. h4 Rc7 32. Rxc7 Kxc7 33. Rxd4 Nd7 34. Bd6+ Kb6 35. Nc4+ Kc6 36. Ne3 Nb6 37. a5 Nc8 38. Nxd5 exd5 39. Bb4 Na7 40. Rg4 g6 41. h5 Kb5 42. hxg6 hxg6 43. Bd2 Nc6 44. Rxg6 Nxe5 45. Rb6+ Kc4 46. Rxa6 Kd3 47. Bb4 Nc4 48. Rg6 Rb8 49. Rg3+ Ke2 50. Rb3 d4 51. Rb1 Ra8 52. Re1+ Kd3 53. Rd1+ Ke4 54. Bc5 d3 55. f3+ Kd5 56. Be3 Rxa5 57. Rxd3+ Ke6 58. Kf2 Ra2+ 59. Kg3 Nd6 60. Rd2 Ra3 61. Re2 Kf5 62. Bc5  1-0

[Event "Skakligaen"]
[Site "Danmark"]
[Date "2018.12.09"]
[Round "4.4"]
[White "Thogersen, Rasmus"]
[Black "Hansen, Mads"]
[Result "0-1"]
[WhiteElo "2298"]
[BlackElo "2413"]
[EventDate "2018.10.27"]
[EventType "team-tourn"]
[EventRounds "9"]
[EventCountry "Danmark"]
[WhiteTeam "Jetsmark"]
[BlackTeam "Skanderborg"]
[WhiteTeamCountry "DEN"]
[BlackTeamCountry "DEN"]
[WhiteFideId "1431412"]
[BlackFideId "1401610"]

1. e4 e5 2. Nf3 Nc6 3. Bc4 Bc5 4. O-O Nf6 5. d3 a6 6. a4 d6 7. c3 Ba7 8. Re1 O-O 9. h3 h6 10. Nbd2 Re8 11. b4 Be6 12. b5 axb5 13. axb5 Bxf2+ 14. Kxf2 Rxa1 15. bxc6 Bxc4 16. Nxc4 bxc6 17. Kg1 Qa8 18. Nh4 Rb8 19. Nf5 Qa2 20. Nd2 Rb2 21. Qf3 Rc2 22. Qf1 Rxc3 23. Nc4 Qc2 24. Bxh6 Rxe1 25. Qxe1 gxh6 26. Qg3+ Kf8 27. Qg7+ Ke8 28. Kh2 Qf2 29. Nce3 Qf4+ 30. g3 Qf2+ 31. Ng2 Rc2 32. Nfh4 h5 33. Qh8+ Kd7 34. Qf8 Ne8 35. Qh6 Nf6 36. Qf8 Rc1 37. Qxf7+ Kc8 38. Qe6+ Kd8 39. g4 Rc2 40. Qf5 Qxf5  0-1

[Event "Skakligaen"]
[Site "Danmark"]
[Date "2018.12.09"]
[Round "4.5"]
[White "Boe, Mads"]
[Black "Rosenkilde, Alexander"]
[Result "0-1"]
[WhiteElo "2295"]
[BlackElo "2253"]
[EventDate "2018.10.27"]
[EventType "team-tourn"]
[EventRounds "9"]
[EventCountry "Danmark"]
[WhiteTeam "Skanderborg"]
[BlackTeam "Jetsmark"]
[WhiteTeamCountry "DEN"]
[BlackTeamCountry "DEN"]
[WhiteFideId "1401408"]
[BlackFideId "1408488"]

1. e4 c5 2. c3 d5 3. exd5 Qxd5 4. d4 Nc6 5. Nf3 Bg4 6. Be2 cxd4 7. cxd4 e6 8. Nc3 Qa5 9. O-O Nf6 10. Be3 Bd6 11. h3 Bh5 12. Qb3 Qb4 13. d5 Qxb3 14. axb3 Nxd5 15. Nxd5 exd5 16. Rfd1 Rd8 17. Bxa7 O-O 18. Bb6 Rd7 19. g4 Bg6 20. Kf1 Be7 21. Rac1 Be4 22. Nd4 Bg5 23. Rc3 Nxd4 24. Bxd4 f5 25. f3 fxg4 26. hxg4 Bg6 27. Bc5 Rc8 28. Bd4 Rxc3 29. Bxc3 Bc2 30. Rxd5 Rxd5  0-1

[Event "Skakligaen"]
[Site "Danmark"]
[Date "2018.12.09"]
[Round "4.6"]
[White "Grubert, Christian"]
[Black "Grove, Peter"]
[Result "1/2-1/2"]
[WhiteElo "2161"]
[BlackElo "2239"]
[EventDate "2018.10.27"]
[EventType "team-tourn"]
[EventRounds "9"]
[EventCountry "Danmark"]
[WhiteTeam "Jetsmark"]
[BlackTeam "Skanderborg"]
[WhiteTeamCountry "DEN"]
[BlackTeamCountry "DEN"]
[WhiteFideId "1406744"]
[BlackFideId "1411101"]

1. Nf3 d5 2. g3 Nc6 3. Bg2 e5 4. d3 f6 5. O-O Be6 6. Nbd2 Qd7 7. c4 d4 8. Qa4 Bh3 9. Rb1 h5 10. b4 h4 11. Ne4 hxg3 12. fxg3 Bxg2 13. Kxg2 b6 14. e3 dxe3 15. Bxe3 Nge7 16. Rfd1 Rd8 17. Rd2 Rh5 18. Re1 Nf5 19. a3 Nxe3+ 20. Rxe3 Be7 21. Nc3 a5 22. Nd5 axb4 23. axb4 Nxb4 24. Nxc7+ Kf7 25. Nb5 Bc5 26. d4 Qh3+ 27. Kg1 exd4 28. Nbxd4 Kg6 29. g4 Kh6 30. gxh5 Rxd4 31. Rxd4 Bxd4 32. Qe8  1/2-1/2

[Event "Skakligaen"]
[Site "Danmark"]
[Date "2018.12.09"]
[Round "4.7"]
[White "Brondt, Nicolai Kvist"]
[Black "Rasmussen, Henning"]
[Result "1-0"]
[WhiteElo "2298"]
[BlackElo "2142"]
[EventDate "2018.10.27"]
[EventType "team-tourn"]
[EventRounds "9"]
[EventCountry "Danmark"]
[WhiteTeam "Skanderborg"]
[BlackTeam "Jetsmark"]
[WhiteTeamCountry "DEN"]
[BlackTeamCountry "DEN"]
[WhiteFideId "1413848"]
[BlackFideId "1407988"]

1. d4 d5 2. Nf3 Nf6 3. c4 c6 4. Qc2 a6 5. Bf4 dxc4 6. Qxc4 Qd5 7. e3 Be6 8. Qb4 b5 9. Bd3 Bf5 10. Nc3 Qe6 11. Ng5 Qd7 12. Qb3 e6 13. Bxf5 exf5 14. O-O a5 15. d5 Bb4 16. dxc6 Nxc6 17. Rfd1 a4 18. Qc2 Qc8 19. Nxb5 O-O 20. Nc7 Ne7 21. Rac1 Ra5 22. Qc4 Qb7 23. a3 Bc5 24. Nxf7 Ned5 25. Nxd5 Rxf7 26. Nxf6+ gxf6 27. Rd5 Bb6 28. Rxa5 Bxa5 29. Bh6 Qc7 30. Kf1 Qd8 31. Qc8 Rd7 32. Qxd8+ Bxd8 33. Rc4 Rd2 34. Ke1 Ba5 35. Rxa4 Rd5+ 36. b4 Bc7 37. Ra7 Bxh2 38. Rg7+ Kh8 39. g3 f4 40. Rf7  1-0

[Event "Skakligaen"]
[Site "Danmark"]
[Date "2018.12.09"]
[Round "4.8"]
[White "Nielsen, Tommy"]
[Black "Pedersen, Jan Rode"]
[Result "0-1"]
[WhiteElo "2150"]
[BlackElo "2161"]
[EventDate "2018.10.27"]
[EventType "team-tourn"]
[EventRounds "9"]
[EventCountry "Danmark"]
[WhiteTeam "Jetsmark"]
[BlackTeam "Skanderborg"]
[WhiteTeamCountry "DEN"]
[BlackTeamCountry "DEN"]
[WhiteFideId "1401629"]
[BlackFideId "1405144"]

1. e4 e5 2. Bc4 Nc6 3. d3 Nf6 4. Nc3 Bb4 5. Nge2 h6 6. a3 Bc5 7. b4 Be7 8. f4 d6 9. O-O O-O 10. Ng3 Nd4 11. f5 c6 12. Be3 d5 13. Ba2 a5 14. Nce2 Nb5 15. Qe1 Nxa3 16. Qc1 Ng4 17. f6 Bxf6 18. Bc5 axb4 19. h3 Bg5 20. Qb2 Be3+ 21. Bxe3 Nxe3 22. Rf3 Naxc2 23. Rc1 d4 24. Rxc2 Nxc2 25. Qxc2 Be6 26. Bb3 Ra3 27. Nh5 Bxb3 28. Qc5 Ra5 29. Qxb4 Rb5 30. Qe1 Be6 31. Rg3 g5 32. Rf3 f5 33. exf5 Rxf5 34. Nxd4  0-1

[Event "Skakligaen"]
[Site "Danmark"]
[Date "2018.12.09"]
[Round "4.1"]
[White "Rostgaard, Tobias Valentin"]
[Black "Hansen, Sune Berg"]
[Result "0-1"]
[WhiteElo "2388"]
[BlackElo "2587"]
[EventDate "2018.10.27"]
[EventType "team-tourn"]
[EventRounds "9"]
[EventCountry "Danmark"]
[WhiteTeam "BMS"]
[BlackTeam "Hillerod"]
[WhiteTeamCountry "DEN"]
[BlackTeamCountry "DEN"]
[WhiteFideId "1408801"]
[BlackFideId "1400266"]

1. e4 c5 2. Nf3 Nc6 3. Bb5 e6 4. O-O Nge7 5. Re1 Nd4 6. Nxd4 cxd4 7. c3 a6 8. Bf1 Nc6 9. d3 Bc5 10. Nd2 e5 11. Nf3 d6 12. Bg5 f6 13. cxd4 Nxd4 14. Nxd4 fxg5 15. Nf5 O-O 16. d4 exd4 17. Bd3 Qf6 18. Qc2 Qe5 19. Qd2 g4 20. Qg5 g6 21. Qe7 Qxe7 22. Nxe7+ Kg7 23. Nd5 a5 24. Rac1 b6 25. a3 a4 26. Nb4 Bb7 27. Bb5 Rf7 28. Nd3 Re7 29. e5 dxe5 30. Rxe5 Rxe5 31. Nxe5 Ra5 32. Bd3 Bd6 33. Nd7 Rh5 34. g3 b5 35. Nb6 Re5 36. Nd7 Re7 37. Bxb5 d3 38. Rd1 Bf3 39. Rf1 d2 40. Bxa4 Re1  0-1

[Event "Skakligaen"]
[Site "Danmark"]
[Date "2018.12.09"]
[Round "4.2"]
[White "Schandorff, Lars"]
[Black "Haubro, Martin"]
[Result "1/2-1/2"]
[WhiteElo "2496"]
[BlackElo "2358"]
[EventDate "2018.10.27"]
[EventType "team-tourn"]
[EventRounds "9"]
[EventCountry "Danmark"]
[WhiteTeam "Hillerod"]
[BlackTeam "BMS"]
[WhiteTeamCountry "DEN"]
[BlackTeamCountry "DEN"]
[WhiteFideId "1400070"]
[BlackFideId "1414291"]

1. Nf3 Nf6 2. g3 d5 3. Bg2 Bg4 4. O-O Nbd7 5. d3 c6 6. c4 e6 7. cxd5 cxd5 8. Nc3 Be7 9. h3 Bxf3 10. Bxf3 O-O 11. Bf4 Qb6 12. Qd2 Bd6 13. Bxd6 Qxd6 14. d4 Nb6 15. b3 Qb4 16. Ne4 Qxd2 17. Nxd2 Rfc8 18. Rfc1 Kf8 19. Kf1 Ke7 20. e3 Rxc1+ 21. Rxc1 Rc8 22. Rxc8 Nxc8 23. Be2 Nd6 24. Bd3 Nfe4 25. Nb1 h6 26. g4 Nf6 27. f3 g5 28. Nc3 Nd7 29. Kf2 f6 30. f4 Nb8 31. f5 Nc6 32. Kf3 Kd7 33. fxe6+ Kxe6 34. Bh7 Ne7 35. a4 f5 36. gxf5+ Ndxf5 37. Nb5 a6 38. Na3 h5 39. Nc2 Kf6 40. Nb4 g4+ 41. hxg4 hxg4+ 42. Kxg4 Nxe3+ 43. Kf3 N3f5 44. Bxf5 Kxf5 45. Ke3  1/2-1/2

[Event "Skakligaen"]
[Site "Danmark"]
[Date "2018.12.09"]
[Round "4.2"]
[White "Rasmussen, Karsten"]
[Black "Matthiesen, Martin"]
[Result "1-0"]
[WhiteElo "2417"]
[BlackElo "2251"]
[EventDate "2018.10.27"]
[EventType "team-tourn"]
[EventRounds "9"]
[EventCountry "Danmark"]
[WhiteTeam "Aarhus/Skolerne"]
[BlackTeam "SK1968"]
[WhiteTeamCountry "DEN"]
[BlackTeamCountry "DEN"]
[WhiteFideId "1400088"]
[BlackFideId "1404067"]

1. c4 g6 2. Nc3 Bg7 3. g3 c5 4. Bg2 Nc6 5. Nf3 e6 6. O-O Nge7 7. d3 O-O 8. Bf4 d5 9. cxd5 exd5 10. Qc1 b6 11. Bh6 d4 12. Ne4 Nd5 13. Bxg7 Kxg7 14. a3 a5 15. a4 Rb8 16. Ned2 Re8 17. Re1 Rb7 18. Nc4 Rbe7 19. Qd2 h6 20. h3 Ncb4 21. e4 dxe3 22. fxe3 Nf6 23. Rad1 Qc7 24. g4 Rd8 25. Qe2 Nfd5 26. Qf2 Rde8 27. Bf1 g5 28. e4 Nf4 29. e5 Ba6 30. h4 Nbxd3 31. Rxd3 Bxc4 32. Rde3 Bxf1 33. Kxf1 Qd7 34. hxg5 Qxg4 35. Nh2 Qf5 36. gxh6+ Kxh6 37. Rf3 Kg5 38. Qg3+ Kh5 39. Rxf4  1-0

[Event "Skakligaen"]
[Site "Danmark"]
[Date "2019.01.12"]
[Round "5.1"]
[White "Rodgaard, John"]
[Black "Teplyi, Igor"]
[Result "0-1"]
[WhiteElo "2281"]
[BlackElo "2417"]
[EventDate "2018.10.27"]
[EventType "team-tourn"]
[EventRounds "9"]
[EventCountry "Danmark"]
[WhiteTeam "Evans"]
[BlackTeam "SK1968"]
[WhiteTeamCountry "DEN"]
[BlackTeamCountry "DEN"]
[WhiteFideId "7200013"]
[BlackFideId "1413767"]

1. c4 c5 2. Nf3 Nc6 3. d4 cxd4 4. Nxd4 Nf6 5. Nc3 e6 6. Ndb5 d6 7. Bf4 e5 8. Bg5 a6 9. Bxf6 gxf6 10. Na3 f5 11. e3 Be6 12. Qd2 Bg7 13. Be2 O-O 14. O-O e4 15. Rad1 Qh4 16. f4 exf3 17. Bxf3 Rac8 18. b3 Rfe8 19. Nc2 Be5 20. g3 Qg5 21. Nd5 Kh8 22. Nf4 b5 23. cxb5 axb5 24. Bxc6 Rxc6 25. Nd4 Ra6 26. Nxb5 Rea8 27. Nc3 Qg7 28. Na4 Bd7 29. Nd3 Bxg3 30. hxg3 Qxg3+ 31. Qg2 Qxe3+ 32. Kh2 Rg8 33. Qf3 Qh6+ 34. Qh3 Qxh3+ 35. Kxh3 d5 36. Rf4 Rh6+ 37. Rh4 f4+  0-1